SOFTWARE PROJECT MANAGEMENT / (Record no. 566366)
[ view plain ]
| 000 -LEADER | |
|---|---|
| fixed length control field | 00345nam a22001457a 4500 |
| 020 ## - INTERNATIONAL STANDARD BOOK NUMBER | |
| Qualifying information | PB. |
| 040 ## - CATALOGING SOURCE | |
| Transcribing agency | FIZZA ISHAQ |
| 082 ## - DEWEY DECIMAL CLASSIFICATION NUMBER | |
| Classification number | 005.1068 |
| Author Mark | BOB |
| 100 ## - MAIN ENTRY--PERSONAL NAME | |
| Personal name | HUGHES, BOB. |
| 9 (RLIN) | 55523 |
| 245 ## - TITLE STATEMENT | |
| Title | SOFTWARE PROJECT MANAGEMENT / |
| Statement of responsibility, etc. | BOB HUGHES |
| 250 ## - EDITION STATEMENT | |
| Edition statement | 4TH ED. |
| 260 ## - PUBLICATION, DISTRIBUTION, ETC. | |
| Place of publication, distribution, etc. | LONDON : |
| Name of publisher, distributor, etc. | GREW HILL, |
| Date of publication, distribution, etc. | 2006. |
| 300 ## - PHYSICAL DESCRIPTION | |
| Extent | 357 P ; |
| 942 ## - ADDED ENTRY ELEMENTS (KOHA) | |
| Source of classification or shelving scheme | |
| Koha item type | Book |
| Withdrawn status | Lost status | Source of classification or shelving scheme | Damaged status | Not for loan | Permanent Location | Current Location | Date acquired | Total Checkouts | Full call number | Barcode | Date last seen | Price effective from | Koha item type |
|---|---|---|---|---|---|---|---|---|---|---|---|---|---|
| NUST Baluchistan Campus (NBC) | NUST Baluchistan Campus (NBC) | 06/25/2021 | 005.1068 BOB | Q-2013 | 06/25/2021 | 06/25/2021 | Book |
